00717nam a22001817a 4500003000200000005001700002008004100019050002200060100002400082245006700106260007100173300006100244500005000305504005600355650003900411650004000450650004500490020250207150821.0250207b xxu||||| |||| 00| 0 eng d aTX 945b.B66 2023 aBonao, Christian A. aTaisho toriyaki izakaya mobile applicationcChristian A. Bonao aLas Pinas CitybSouthville International School and Collegesc2023 ax, 184 pages:bcolored pictures and illustration;c28cm. aBachelor of Science in Information Technology aIncludes bibliographical references and appendices. aMobile Applications—Development. aRestaurant Management—Technology. aOnline Ordering Systems for Restaurants.